书目信息 |
| 题名: |
药理学实验指南
|
|
| 作者: | H.G.沃格尔 , W.H.沃格尔 编著 ;杜冠华 译 | |
| 分册: | ||
| 出版信息: | 北京 科学出版社 2001.02 |
|
| 页数: | 985页 | |
| 开本: | 27cm | |
| 丛书名: | 现代生物技术译丛 | |
| 单 册: | ||
| 中图分类: | R965.2-62 | |
| 科图分类: | ||
| 主题词: | 药理学 | |
| 电子资源: | ||
| ISBN: | 7-03-008337-7 | |
| 000 | 00976nam0 2200265 450 | |
| 001 | 0457937643 | |
| 005 | 20040927160537.05 | |
| 010 | @a7-03-008337-7@dCNY110.00@b精装 | |
| 100 | @a20040927d2001 km y0chiy0120 ea | |
| 101 | 0 | @achi |
| 102 | @aCN@b110000 | |
| 200 | 1 | @a药理学实验指南@Ayao li xue shi yan zhi nan@d=Drug Discovery and Evaluation@e新药发现和药理学评价@f(德)H.G.沃格尔,(美)W.H.沃格尔编著@F(de)H.G.wo ge er,(mei)W.H.wo ge er bian zhu@g杜冠华等译@Gdu guan hua deng yi |
| 210 | @a北京@c科学出版社@d2001.02 | |
| 215 | @a985页@d27cm | |
| 225 | 2 | @a现代生物技术译丛 |
| 410 | 0 | @12001 @a现代生物技术译丛 |
| 510 | @a=Drug Discovery and Evaluation | |
| 517 | 1 | @a新药发现和药理学评价@Axin yao fa xian he yao li xue ping jia |
| 606 | 0 | @a药理学 |
| 690 | @aR965.2-62@v4 | |
| 701 | 0 | @aH.G.沃格尔@AH.G.wo ge er@4编著 |
| 701 | 0 | @aW.H.沃格尔@AW.H.wo ge er@4编著 |
| 702 | 0 | @a杜冠华@Adu guan hua@4译 |
| 801 | 0 | @aCN@bPFT@c20040927 |
| 905 | @aBZT@dR965.2-62@e1@f1 | |
| 药理学实验指南=Drug Discovery and Evaluation:新药发现和药理学评价/(德)H.G.沃格尔,(美)W.H.沃格尔编著/杜冠华等译.-北京:科学出版社,2001.02 |
| 985页;27cm.-(现代生物技术译丛) |
| ←并列题名:=Drug Discovery and Evaluation |
| ISBN 7-03-008337-7(精装):CNY110.00 |
| ● |
| 相关链接 |
|
|
|
正题名:药理学实验指南
索取号:R965.2-62/1
 
预约/预借
| 序号 | 登录号 | 条形码 | 馆藏地/架位号 | 状态 | 备注 |
| 1 | 2001741471 | 2001741471 | 样本书库/样005架B面5层1列/ [索取号:R965.2-62/1] | 在馆 |